000 00582nam a2200169Ia 4500
008 240729s9999 xx 000 0 und d
022 _a2251-7715
245 0 _aInternational Journal of Recycling of Organic Waste in Agriculture
260 _aUnited Kingdom
260 _bOxford International Collaboration Centre Press (OICC press)
650 _a Agriculture (General) | Technology
650 _a Environmental technology. Sanitary engineering
650 _aAgriculture
856 _uhttps://doaj.org/toc/3676a247ce2f404aabaf06256a23605a
942 _2ddc
942 _cDOAJEJ
999 _c74619
_d74619
945 _a1
_bMadushi Gamage
_c1
_dMadushi Gamage